Die 44 größten Städte Australiens - Statistiken

Allgemein
  • Dieses Quiz wurde 188 mal gespielt
  • Das Durchschnittsergebnis liegt bei 31 aus 44
Antwortstatistiken
Hilfe Stadt/ Gemeinde 👥 % Korrekt
S6 Sydney 4 700 000
99%
C8 - Q10 Canberra - Queanbeyan 490 000
98%
M9 Melbourne 4 600 000
98%
B8 Brisbane 2 300 000
97%
P5 Perth 2 000 000
95%
A8 Adelaide 1 200 000
90%
D6 Darwin 122 000
86%
G4 C5 - T5 H5 Gold Coast - Tweed Heads 671 000
83%
H6 Hobart 197 000
81%
C6 Cairns 153 000
80%
N9 Newcastle 349 000
78%
G7 Geelong 180 000
74%
P4 M9 Port Macquarie 48 000
74%
S7 C5 Sunshine Coast 284 000
74%
T10 Townsville 174 000
71%
R11 Rockhampton 63 000
70%
W10 Wollongong 280 000
70%
C7 C5 Central Coast 325 000
69%
G9 Geraldton 33 000
68%
T9 Toowoomba 108 000
68%
B9 Bundaberg 52 000
67%
W5 W5l Wagga Wagga 50 000
67%
A6 Albany 31 000
65%
B8 Ballarat 105 000
65%
B7 Bendigo 101 000
65%
D5 Dubbo 39 000
65%
O6 Orange 40 000
65%
K8 - H10 Katoomba – Hazelbrook 30 000
64%
L10 Launceston 81 000
63%
M6 Mackay 80 000
63%
A6 - W7 Albury – Wodonga 92 000
62%
H6 B3 Hervey Bay 58 000
62%
B8 Bathurst 36 000
61%
C5 H7 Coffs Harbour 51 000
61%
W11 Warrnambool 33 000
61%
S10 - M9 Shepparton – Mooroopna 50 000
56%
N5 - B9 Nowra – Bomaderry 33 500
55%
B7 Bunbury 75 000
54%
G9 - T6 S5 Gladstone – Tannum Sands 35 000
54%
M8 Maitland 90 000
54%
M7 - W9 Mildura – Wentworth 38 000
54%
T8 Tamworth 35 000
54%
S7 Sunbury 38 000
53%
M6 Melton 36 000
49%
Keine übereinstimmenden Quizze gefunden
Verteilung der Resultate
Anzahl Personen mit jedem Resultat
Perzentil nach korrekt beantworteten Fragen
Ihre Resultats-Entwicklung
Sie haben dieses Quiz noch nicht gespielt